000 00655nam a2200193Ia 4500
008 151121s9999||||xx |||||||||||||| ||und||
082 _aब।वि।
082 _bHNW-114032
100 _aवैद्य सरिता
245 _aप्रामाणिक शिरु
260 _b"दिलीपराज प्रकाशन प्रा। लि।, पुणे।"
260 _c2013
300 _a80
600 _aवैद्य सरिता
630 _aप्रामाणिक शिरु
700 _aवैद्य सरिता
730 _aप्रामाणिक शिरु
942 _cBOOK
999 _c1263078
_d1263075